<?xml version="1.0" encoding="UTF-8"?><?xml-stylesheet type="text/xsl" href="static/style.xsl"?><OAI-PMH xmlns="http://www.openarchives.org/OAI/2.0/" xmlns:xsi="http://www.w3.org/2001/XMLSchema-instance" xsi:schemaLocation="http://www.openarchives.org/OAI/2.0/ http://www.openarchives.org/OAI/2.0/OAI-PMH.xsd"><responseDate>2026-04-18T03:37:29Z</responseDate><request verb="GetRecord" identifier="oai:www.recercat.cat:20.500.12327/2164" metadataPrefix="marc">https://recercat.cat/oai/request</request><GetRecord><record><header><identifier>oai:recercat.cat:20.500.12327/2164</identifier><datestamp>2025-10-22T11:19:58Z</datestamp><setSpec>com_2072_4428</setSpec><setSpec>com_2072_4427</setSpec><setSpec>col_2072_487898</setSpec></header><metadata><record xmlns="http://www.loc.gov/MARC21/slim" xmlns:dcterms="http://purl.org/dc/terms/" xmlns:xsi="http://www.w3.org/2001/XMLSchema-instance" xmlns:doc="http://www.lyncode.com/xoai" xsi:schemaLocation="http://www.loc.gov/MARC21/slim http://www.loc.gov/standards/marcxml/schema/MARC21slim.xsd">
   <leader>00925njm 22002777a 4500</leader>
   <datafield ind2=" " ind1=" " tag="042">
      <subfield code="a">dc</subfield>
   </datafield>
   <datafield ind2=" " ind1=" " tag="720">
      <subfield code="a">Estévez, Alicia</subfield>
      <subfield code="e">author</subfield>
   </datafield>
   <datafield ind2=" " ind1=" " tag="720">
      <subfield code="a">Vasilaki, P.</subfield>
      <subfield code="e">author</subfield>
   </datafield>
   <datafield ind2=" " ind1=" " tag="260">
      <subfield code="c">2023-03-21</subfield>
   </datafield>
   <datafield ind2=" " ind1=" " tag="520">
      <subfield code="a">The aim of this study was to evaluate the use of novel ingredients such as green pea protein and Ascophyllum nodosum, a brown seaweed for the replacement of fish meal in feeds suitable for organic production. The growth, feed utilization and fillet composition of gilthead seabream were examined under a lab scale trial and based on the results a large-scale field trial was conducted in the facilities of Galaxidi marine farms in order to compare a novel feed with a typical commercial feed suitable for organic production.&#xd;
&#xd;
Final weight, growth rate and somatic indices of the fish fed these alternative ingredients did not show significant differences compared to the control group fed the commercial diet. Muscle protein content was higher in the fish fed the higher inclusion level of green pea protein, whereas lipid content was lower in both experimental diets. Fatty acid composition, in terms of n-3 and n-6 polyusaturated (PUFA), eicosapentanoic (EPA) and docosahexaenoic (DHA) acid content was higher in the muscle of the fish fed the experimental diets. In the case of the liver, the fatty acid profile reflected the feed composition, and the fish fed the diet with an inclusion of 19% green pea protein showed a lower content of protein and a higher content of n-6 PUFA, and monounsaturated fatty acids (MUFA).&#xd;
&#xd;
In view of the results obtained, the ingredients assayed in this study could be used in organic feed formulations as alternatives to fish meal obtained from trimmings since no negative effects were detected neither on fish growth, muscle composition, fish health nor end product quality and nutritional value.</subfield>
   </datafield>
   <datafield ind1="8" ind2=" " tag="024">
      <subfield code="a">Estévez, A., and P. Vasilaki. 2023. "Organic Production Of Gilthead Sea Bream (Sparus Aurata) Using Organic Certified Green Pea Protein And Seaweed. Effects On Growth, Feed Conversion And Final Product Quality.". Aquaculture 571: 739490. doi:10.1016/j.aquaculture.2023.739490.</subfield>
   </datafield>
   <datafield ind1="8" ind2=" " tag="024">
      <subfield code="a">0044-8486</subfield>
   </datafield>
   <datafield ind1="8" ind2=" " tag="024">
      <subfield code="a">http://hdl.handle.net/20.500.12327/2164</subfield>
   </datafield>
   <datafield ind1="8" ind2=" " tag="024">
      <subfield code="a">https://doi.org/10.1016/j.aquaculture.2023.739490</subfield>
   </datafield>
   <datafield ind2="0" ind1="0" tag="245">
      <subfield code="a">Organic production of gilthead sea bream (Sparus aurata) using organic certified green pea protein and seaweed. Effects on growth, feed conversion and final product quality</subfield>
   </datafield>
</record></metadata></record></GetRecord></OAI-PMH>